| 000 | 00425nam a2200169 a 4500 | ||
|---|---|---|---|
| 005 | 20220606144617.0 | ||
| 008 | 090306s1937 mx r 000 0 spa d | ||
| 035 | _aUPN01000169743 | ||
| 049 | _aCG | ||
| 050 | 4 |
_aPQ7384 _bT4.3 |
|
| 100 | 1 | _aTejada, Valentin | |
| 245 | 1 | 0 |
_aAsomos : _bpoemas / _cValentin, Tejada. |
| 260 |
_aHabana : _aAlfa, _c1937. |
||
| 300 | _a80 p. | ||
| 650 | 4 |
_aPoesÃa cubana _91227 |
|
| 905 | _aLibro | ||
| 999 |
_c141849 _d141849 |
||